000 00300nam a2200121Ia 4500
008 191201s2013 xx 000 0 und d
100 _aAWAD, Alias M.
245 0 _aSystem Analysis and Design
250 _aRep
260 _c2013
_bGalgotia Publisher
_aNEW DELHI
300 _a524
942 _2ddc
_cBK
_020
999 _c7976
_d7976